[Event "1"]
[Site "http://www.queenalice.com/game.php?id=209689"]
[Date "2007.5.12"]
[Round "-"]
[White "petrofyre"]
[Black "Karrara"]
[Result "1-0"]
[WhiteElo "1691"]
[BlackElo "1100"]

1. d4 e5 2. dxe5 Nc6 3. Nf3 d6 4. e4 Bg4 5. Be2 Bxf3 6. Bxf3 Nxe5 7. Nc3 h6 8.
Bf4 g5 9. Bxe5 dxe5 10. Qe2 Bd6 11. O-O-O Qd7 12. h4 Qe7 13. Nd5 Qd8 14. Kb1 Nf6
15. hxg5 Nxd5 16. Rxd5 Qxg5 17. Rh5 Qf4 18. Rf5 Qh2 19. Qb5+ c6 20. Qxb7 Qh1+
21. Rd1 Qxd1+ 22. Bxd1 Rb8 23. Qxf7+ Kd8 24. Qxa7 Rg8 25. Rf7 1-0

[Event "AUTO-OPEN-657"]
[Site "http://www.queenalice.com/game.php?id=209882"]
[Date "2007.5.12"]
[Round "1"]
[White "callmitnick"]
[Black "petrofyre"]
[Result "0-1"]
[WhiteElo "1290"]
[BlackElo "1859"]

1. d4 Nf6 2. c4 c5 3. Nf3 g6 4. Nc3 Bg7 5. e4 cxd4 6. Nxd4 d6 7. Bg5 O-O 8. Bxf6
Bxf6 9. Be2 Qb6 10. Ndb5 Be6 11. O-O a6 12. Na4 Qc6 13. Na3 Nd7 14. Qc2 Rfc8 15.
Rac1 Ne5 16. b3 Qc7 17. Rfd1 Qa5 18. Qd2 Qxd2 19. Rxd2 Bg5 20. Rcd1 Bxd2 21.
Rxd2 Nd7 22. h3 Rab8 23. Nc3 b5 24. f3 b4 25. Nd5 Bxd5 26. exd5 bxa3 27. Bd3 Nc5
28. Be2 a5 29. Bd1 a4 30. bxa4 Rb2 0-1

[Event "AUTO-OPEN-657"]
[Site "http://www.queenalice.com/game.php?id=209883"]
[Date "2007.5.12"]
[Round "1"]
[White "petrofyre"]
[Black "callmitnick"]
[Result "1-0"]
[WhiteElo "1795"]
[BlackElo "1100"]

1. d4 d6 2. c4 Nf6 3. Nc3 g6 4. e4 Bg7 5. f3 b6 6. Be3 Bb7 7. Qd2 e6 8. Bd3 Nbd7
9. Nge2 O-O 10. Bh6 Qe7 11. Bxg7 Kxg7 12. h4 c6 13. g4 d5 14. h5 c5 15. hxg6
fxg6 16. Qh6+ Kg8 17. e5 Ne8 18. Bxg6 Qg7 19. Bxh7+ 1-0

[Event "AUTO-OPEN-657"]
[Site "http://www.queenalice.com/game.php?id=209906"]
[Date "2007.5.12"]
[Round "1"]
[White "petrofyre"]
[Black "a13tc38920"]
[Result "1-0"]
[WhiteElo "1785"]
[BlackElo "1771"]

1. d4 c6 2. c4 d5 3. Nc3 Nf6 4. Bg5 e6 5. e3 Be7 6. Nf3 Nbd7 7. Bd3 O-O 8. cxd5
Nxd5 9. Bxe7 Qxe7 10. e4 Nxc3 11. bxc3 e5 12. O-O f6 13. Nh4 exd4 14. cxd4 Nb6
15. Qh5 g6 16. Qh6 Qg7 17. Qe3 Be6 18. f4 Rae8 19. f5 Bc4 20. fxg6 Bxd3 21. Nf5
Qxg6 22. Qxd3 Kh8 23. Rf3 Re6 24. Rg3 Qh5 25. Ng7 Qf7 26. Nxe6 Qxe6 27. a3 Rd8
28. Rf1 Qd6 29. d5 cxd5 30. exd5 Qc5+ 31. Kh1 Rxd5 32. Qf3 Qd6 33. h4 Nd7 34.
Qg4 Qf8 35. Rd1 Rxd1+ 36. Qxd1 Ne5 37. Qd5 b6 38. Qb7 Ng6 39. h5 Nf4 40. Rc3 Ne6
41. Rc8 1-0

[Event "AUTO-OPEN-657"]
[Site "http://www.queenalice.com/game.php?id=209907"]
[Date "2007.5.12"]
[Round "1"]
[White "a13tc38920"]
[Black "petrofyre"]
[Result "0-1"]
[WhiteElo "1703"]
[BlackElo "1691"]

1. e4 c5 2. Nf3 a6 3. d4 cxd4 4. Nxd4 e5 5. Nf5 d5 6. Bd3 Nf6 7. Bg5 dxe4 8.
Bxf6 Qxf6 9. Bxe4 Bxf5 10. Bxf5 Qxf5 11. O-O Be7 12. Nc3 O-O 13. Nd5 Nc6 14. Ne3
Qe6 15. Nd5 Rfd8 16. Nxe7+ Nxe7 17. Qe2 Rd7 18. b3 Rad8 19. c4 Rd2 20. Qe4 f5
21. Qxb7 e4 22. Rfe1 Ng6 23. f3 e3 24. c5 Nf4 25. c6 Rxg2+ 26. Kh1 Qh6 0-1

[Event "AUTO-OPEN-657"]
[Site "http://www.queenalice.com/game.php?id=209908"]
[Date "2007.5.12"]
[Round "1"]
[White "petrofyre"]
[Black "VladimirSpirin"]
[Result "0-1"]
[WhiteElo "1795"]
[BlackElo "1960"]

1. d4 b6 2. e4 Bb7 3. Nc3 g6 4. Bd3 Bg7 5. Be3 e6 6. Nge2 d6 7. O-O Nd7 8. f4
Ngf6 9. Qd2 Ng4 10. f5 Nxe3 11. Qxe3 O-O 12. Rae1 a6 13. fxg6 fxg6 14. Nf4 Qe8
15. b3 Bh6 16. Qg3 Bg7 17. Nce2 b5 18. Qg4 e5 19. Ne6 Rxf1+ 20. Rxf1 Nf6 21.
Nxg7 Kxg7 22. Qh4 Qe7 23. c4 h6 24. cxb5 axb5 25. Bxb5 Rxa2 26. Bc4 g5 27. Qe1
Bxe4 28. Nc3 Rxg2+ 0-1

[Event "AUTO-OPEN-657"]
[Site "http://www.queenalice.com/game.php?id=209909"]
[Date "2007.5.12"]
[Round "1"]
[White "VladimirSpirin"]
[Black "petrofyre"]
[Result "0-1"]
[WhiteElo "2034"]
[BlackElo "1818"]

1. b3 e5 2. Bb2 Nc6 3. g3 b6 4. Bg2 Bb7 5. d3 Nf6 6. e3 d5 7. Ne2 Be7 8. Nd2 O-O
9. h3 Re8 10. O-O Bf8 11. a3 Qd7 12. b4 a6 13. Kh1 Rad8 14. Ng1 Ba8 15. Nb3 Qe6
16. Re1 e4 17. d4 Ne7 18. Bf1 Bb7 19. Ne2 Ng6 20. Rc1 Nd7 21. Bg2 c5 22. bxc5
bxc5 23. dxc5 Nde5 24. Nf4 Nxf4 25. exf4 Nc4 26. Qd4 Qh6 27. Rb1 Be7 28. Bc1 Bc8
29. Kh2 Bf6 30. Qd1 Bc3 31. Rh1 Qc6 32. Qe2 a5 33. Rd1 Ba6 34. Qg4 a4 35. Nd2
Qxc5 36. Nxc4 Bxc4 37. Rb7 Qxf2 38. Qf5 d4 39. Kh1 Qxc2 40. Rg1 d3 41. Bxe4 g6
42. Qg5 h6 43. Qh4 d2 44. Bf3 dxc1=R 45. Qxh6 Rxg1+ 46. Kxg1 Re1# 0-1

[Event "Challenge"]
[Site "http://www.queenalice.com/game.php?id=214038"]
[Date "2007.5.21"]
[Round "-"]
[White "petrofyre"]
[Black "jao"]
[Result "1-0"]
[WhiteElo "1771"]
[BlackElo "1517"]

1. d4 d6 2. c4 Bd7 3. Nc3 e6 4. e4 e5 5. Be3 g6 6. Nge2 Bg7 7. Qd2 Nf6 8. O-O-O
Qe7 9. Bg5 Nc6 10. Nd5 Nxd5 11. Bxe7 Kxe7 12. exd5 Nxd4 13. Nxd4 exd4 14. Bd3 c6
15. Rhe1+ Kf6 16. Qf4+ Bf5 17. Qxd6+ Kg5 18. g3 Bg4 19. Qf4+ Kh5 20. h3 Bxd1 21.
Qh4# 1-0

[Event "AUTO-OPEN-670"]
[Site "http://www.queenalice.com/game.php?id=214392"]
[Date "2007.5.21"]
[Round "1"]
[White "azad_m"]
[Black "petrofyre"]
[Result "1-0"]
[WhiteElo "1926"]
[BlackElo "1837"]

1. e4 c5 2. Bc4 Nc6 3. Nc3 Nf6 4. Nf3 d6 5. O-O Bg4 6. d3 e6 7. Bg5 Be7 8. h3
Bh5 9. Re1 O-O 10. Nb5 a6 11. Nc3 Nd4 12. g4 Nxg4 13. Bxe7 Qxe7 14. hxg4 Bxg4
15. Re3 Qf6 16. Kg2 Qg6 17. Nh4 Qh5 18. f3 Qg5 19. fxg4 Qxe3 20. Qc1 Qxc1 21.
Rxc1 b5 22. Bb3 Rfb8 23. Nd1 a5 24. a3 a4 25. Ba2 b4 26. Bc4 Ne2 27. Ra1 1-0

[Event "AUTO-OPEN-670"]
[Site "http://www.queenalice.com/game.php?id=214393"]
[Date "2007.5.21"]
[Round "1"]
[White "petrofyre"]
[Black "azad_m"]
[Result "0-1"]
[WhiteElo "1819"]
[BlackElo "1938"]

1. d4 d5 2. c4 e6 3. Nf3 Bb4+ 4. Nbd2 Bd7 5. a3 Ba5 6. b4 Bb6 7. c5 Nf6 8. e3 a5
9. cxb6 axb4 10. Bd3 cxb6 11. Bb2 Ba4 12. Bc2 Bxc2 13. Qxc2 Nc6 14. O-O O-O 15.
Rfc1 Qd6 16. Ne5 bxa3 17. Bc3 b5 18. Nxc6 bxc6 19. Qb3 Ra4 20. Rcb1 Rfa8 21. Bb4
Qc7 22. Rxa3 Rxa3 23. Bxa3 Ng4 24. Nf3 Qa5 0-1

[Event "AUTO-OPEN-670"]
[Site "http://www.queenalice.com/game.php?id=214416"]
[Date "2007.5.21"]
[Round "1"]
[White "petrofyre"]
[Black "marno"]
[Result "1-0"]
[WhiteElo "1749"]
[BlackElo "1711"]

1. d4 e6 2. c4 Nf6 3. Nf3 Bb4+ 4. Nbd2 d5 5. a3 Be7 6. e3 c5 7. dxc5 Bxc5 8. b4
Bb6 9. c5 Bc7 10. Bb2 Nc6 11. Be2 b6 12. b5 Ne7 13. c6 O-O 14. Ne5 a6 15. a4
Bxe5 16. Bxe5 Ng6 17. Bb2 Re8 18. h4 Qd6 19. h5 Ne5 20. f4 1-0

[Event "AUTO-OPEN-670"]
[Site "http://www.queenalice.com/game.php?id=214417"]
[Date "2007.5.21"]
[Round "1"]
[White "marno"]
[Black "petrofyre"]
[Result "0-1"]
[WhiteElo "1653"]
[BlackElo "1817"]

1. d4 Nf6 2. Bf4 d5 3. e3 e6 4. Nf3 c5 5. c3 Nc6 6. Bd3 Bd6 7. Bg3 O-O 8. Nbd2
cxd4 9. exd4 Re8 10. Ne5 Qc7 11. Ndf3 Ne4 12. Qc2 f6 13. Nxc6 Qxc6 14. Nh4 e5
15. Nf5 Bxf5 16. O-O-O exd4 17. f3 Nxg3 18. hxg3 Bxd3 0-1

[Event "AUTO-OPEN-670"]
[Site "http://www.queenalice.com/game.php?id=214418"]
[Date "2007.5.21"]
[Round "1"]
[White "petrofyre"]
[Black "harshul"]
[Result "1-0"]
[WhiteElo "1500"]
[BlackElo "1393"]

1. d4 c5 2. d5 e5 3. dxe6 fxe6 4. e4 Nf6 5. Nc3 Nc6 6. Bc4 d5 7. exd5 exd5 8.
Nxd5 Nxd5 9. Qxd5 Qxd5 10. Bxd5 Nb4 11. Bb3 c4 12. Ba4+ Kd8 13. Bg5+ Be7 14.
O-O-O+ Kc7 15. Bxe7 Re8 16. Bxb4 Bf5 17. Bxe8 1-0

[Event "AUTO-OPEN-670"]
[Site "http://www.queenalice.com/game.php?id=214419"]
[Date "2007.5.21"]
[Round "1"]
[White "harshul"]
[Black "petrofyre"]
[Result "0-1"]
[WhiteElo "1379"]
[BlackElo "1647"]

1. e4 c5 2. c4 Nc6 3. Nf3 d6 4. d4 cxd4 5. Nxd4 g6 6. Nxc6 bxc6 7. Nc3 Bg7 8.
Qa4 Bd7 9. Bd3 Nf6 10. O-O O-O 11. Be3 Ng4 12. h3 Nxe3 13. fxe3 Qb6 14. b3 Qxe3+
0-1

[Event "Challenge"]
[Site "http://www.queenalice.com/game.php?id=228814"]
[Date "2007.6.22"]
[Round "-"]
[White "denzil"]
[Black "petrofyre"]
[Result "1-0"]
[WhiteElo "1794"]
[BlackElo "1804"]

1. d4 Nf6 2. c4 g6 3. Nc3 d5 4. Nf3 Bg7 5. Qb3 dxc4 6. Qxc4 O-O 7. Bf4 c6 8. e3
Be6 9. Qb4 Qb6 10. Qxb6 axb6 11. Bd3 b5 12. O-O Nh5 13. Bg5 Re8 14. a3 1-0

[Event "Challenge"]
[Site "http://www.queenalice.com/game.php?id=231487"]
[Date "2007.6.27"]
[Round "-"]
[White "fab_scott"]
[Black "petrofyre"]
[Result "1-0"]
[WhiteElo "1871"]
[BlackElo "1859"]

1. e4 c5 2. Bc4 Nc6 3. Nf3 d6 4. Nc3 Nf6 5. d3 Bg4 6. h3 Bh5 7. Be3 e6 8. g4 Bg6
9. Qd2 a6 10. O-O-O b5 11. Bb3 h5 12. g5 Nd7 13. Nh4 Qb6 14. a3 a5 15. Nxg6 fxg6
16. Bxe6 O-O-O 17. h4 1-0